Seçilmiş hikayeler / (Kayıt no. 10000)

MARC ayrıntıları
000 -BAŞLIK
Sabit Uzunluktaki Kontrol Alanı 00652nam a22002057a 4500
003 - KONTROL NUMARASI KİMLİĞİ
Kontrol Alanı KOHA_MİRAKIL
005 - EN SON İŞLEM TARİHİ ve ZAMANI
Kontrol Alanı 20260324105517.0
008 - SABİT UZUNLUKTAKİ VERİ ÖGELERİ - GENEL BİLGİ
Sabit Alan 260324b tu ||||| |||| 00| 0 tur d
020 ## - ISBN - ULUSLARARASI STANDART KİTAP NUMARASI
Isbn 9789754069396
040 ## - KATALOGLAMA KAYNAĞI
Özgün Kataloglama Kurumu TR-AnABB
Kataloglama Dili tur
Çeviri Kurumu TR-AnABB
041 ## - DİL KODU
Metin ya da ses kaydının dil kodu tur
082 ## - DEWEY ONU SINIFLAMA SİSTEMİ
Sınıflama Numarası 891.733
Cutter numarası ÇEH 2016
100 ## - KİŞİ ADI
Yazar Adı (Kişi adı) Çehov, Anton Pavloviç, 1860-1904
245 10 - ESER ADI BİLDİRİMİ
Başlık Seçilmiş hikayeler /
Sorumluluk Bildirimi Anton Çehov ; Türkçesi : Nuri Yıldırım
260 ## - YAYIN, DAĞITIM, VB.
Yayın Yeri İstanbul :
Yayınevi Cem Yayınevi ,
Yayın Tarihi 2016
300 ## - FİZİKSEL TANIMLAMA
Sayfa, Cilt vb. 722 sayfa :
Boyutları 20 cm
650 00 - KONU BAŞLIĞI EK GİRİŞ - KONU TERİMİ
Konusal terim veya coğrafi ad Rus edebiyatı, roman
700 1# - EK GİRİŞ - KİŞİ ADI
Yazar Adı (Kişi adı) Yıldırım, Nuri,
İlişkili Terim çeviren : Nuri Yıldırım
9 (RLIN) 3080
942 ## - EK GİRİŞ ÖGELERİ (KOHA)
Sınıflama Kaynağı Dewey Decimal Classification
Materyal Türü Kitap
900 ## - YEREL BİLGİ
Kontrol Cem ÖZOGLU
Mevcut
Geri Çekilme Durumu Kayıp Durumu Sınıflandırma Kaynağı Kredi için değil Kalıcı Konum Mevcut Konum Kayıt Tarih Toplam Ödünçverme Yer Numarası Demirbaş Numarası Son Görülme Tarihi Fatura Tarihi Materyal Türü
    Dewey Decimal Classification   Prof. Dr. Ruşen Keleş Kütüphanesi Prof. Dr. Ruşen Keleş Kütüphanesi 24/03/2026   891.733 ÇEH 2016 RK1013 24/03/2026 24/03/2026 Kitap